000
00305nam a22001337a 4500
008
190304b xxu||||| |||| 00| 0 eng d
020
_a
9780256070446
041
_a
eng
080
_a
316
100
_a
50
101
_a
SOC
245
_a
The Corporate Social Challenge
_c
Sturdivant, F.D
942
_2
udc
_c
BK
999
_c
54443
_d
54443